00509nam a2200121Ia 4500008004100000020002200041041001200063100005400075245005200129260003600181440004300217650012700260231221s9999 xx 000 0 und d a978-1-84628-595-0 aEnglish aGiuseppe Conte, Claude H. Moog, Anna Maria Perdon 0aAlgebraic Methods for Nonlinear Control Systems c2007bSpringer LondonaNew York aCommunications and Control Engineering aSystems Theory, Control; Complexity; Vibration, Dynamical Systems, Control; Linear and Multilinear Algebras, Matrix Theory